Statistics for My singing monsters: all air island monsters

Click here to take the quiz!

General Stats

  • This quiz has been taken 18 times
  • The average score is 25 of 31

Answer Stats

elementmonster% Correct
dipsterdo
100%
earth + colddrumpler
100%
earth + waterfwog
100%
summerhoola
100%
dipsterla
100%
electricityrare wubbox
100%
dipsterso
100%
electricitywubbox
100%
dipsterfa
90%
dipstermi
90%
legendary werdoparlsona
90%
dipsterre
90%
dipsterti
90%
air + earthcybop
80%
mechreebro
80%
loveschmoochle
80%
airtweedle
80%
electricityepic air wubbox
70%
coldmammott
70%
water + coldmaw
70%
earthnoggin
70%
air + coldpango
70%
air + earth + coldpompom
70%
air + waterquibble
70%
air + earth + water + coldriff
70%
legendary werdostoowarb
70%
watertoe jammer
70%
earth + water + coldt-rox
70%
air + water + coldcongle
60%
air + earth + waterscups
60%
mythicalyawstrich
60%

Score Distribution

Percentile by Number Answered

Percent of People with Each Score

Your Score History

You have not taken this quiz